000 01540nam a22002297a 4500
003 DO-SdBJH
005 20240823143036.0
008 240823b |||||||| |||| 00| 0 spa d
040 _aDO-SdBJH
_bspa
_cDO-SdBJH
090 _aTG ANGM
_b02103
100 1 _aBelliard Amador, Yeury
_esustentante
245 1 0 _aRol y perspectiva de la Armada de República Dominicana en la proteccion de especies marinas en vía de extinción /
_cYeury Belliard Amador, asesores Gertrudis Perera Rodríguez, Elio Manuel Cruz Camacho
260 _aSanto Domingo Este :
_bINSUDE,
_c2022
300 _al, 83 páginas
502 _aTrabajo de grado (Licenciado en Ciencias Navales). -- Instituto Superior para la Defensa (INSUDE). Academia Naval Marina de Guerra “Vicealmirante Cesar D’Windt Lavandier”, 2022
504 _aIncluye referencias bibliográficas e índices
505 _aPreceptos constitucionales, convenios internacionales, marco legal e instituciones enfocadas en el cuidado de las especies en peligro de extinción. -- Especies marinas en peligro de extinción en la República Dominicana y amenazas directas que las afectan. --Medidas adoptadas por la Armada de República Dominicana, para detener el deterioro y degradación de las especies marinas en peligro de extinción
700 1 _aPerera Rodríguez, Gertrudis
_easesor
700 1 _aCruz Camacho, Elio Manuel
_easesor
830 _aINSUDE. Academia Naval Marina de Guerra “Vicealmirante Cesar D’Windt Lavandier”. Tesis y disertaciones académicas
942 _2CL
_cT
999 _c7811
_d7811